Teoría y problemas de variables reales : medida e integración de lebesgue con aplicaciones a las series de Fourier

Bibliographic Details
Main Author: Spiegel, Murray R
Format: Section = Libro
Language:Undetermined
Spanish
Published: México McGraw-Hill [s.f.]
Subjects:
LEADER 00556nam a2200181Ia 4500
008 240829s9999 xx 000 0 und d
020 |a 968-451-112-6 
040 |a BIBLIOTECA-RUSB/ 515.8 S755 
041 |a spa 
082 |a 515.8 S755 
100 1 |a Spiegel, Murray R 
245 1 0 |a Teoría y problemas de variables reales : medida e integración de lebesgue con aplicaciones a las series de Fourier 
260 |a México  |b McGraw-Hill  |c [s.f.] 
300 |a 190 p. :il. 
650 7 |a FUNCIONES DE VARIABLES REALES 
942 |c BK  |2 ddc 
991 |a TEXTO 
999 |c 1762